000 00481cam a2200145 4500500
005 20251012010833.0
041 _afre
042 _adc
100 1 0 _ade Gaudemar, Martine
_eauthor
245 0 0 _aY a-t-il un grand architecte dans l’univers ?
260 _c2011.
500 _a45
786 0 _nPhilosophie magazine | 48 | 4 | 2011-04-01 | p. 43-43 | 1951-1787
856 4 1 _uhttps://shs.cairn.info/magazine-philosophie-magazine-2011-4-page-43?lang=fr&redirect-ssocas=7080
999 _c1520796
_d1520796